| 000 | 00633cam a2200253 4500 | ||
|---|---|---|---|
| 001 | B2872 | ||
| 008 | 090401t1989 xxu||||| |||| 00| 0 eng d | ||
| 035 | _a(Sirsi) u52624 | ||
| 041 | _aeng | ||
| 050 | _a331.2166 | ||
| 100 | _aTownsend-Rose, Jonathan C | ||
| 245 | _aProfessional charges | ||
| 260 |
_aLondon _bCountry Landowners Association _c1989 |
||
| 300 | _a11p. ; 21cm. | ||
| 350 | _a3 | ||
| 650 | _aCOMPENSATION | ||
| 650 | _aELECTRICITY SUPPLY INDUSTRY FEE SCALES | ||
| 650 | _aPIPELINES | ||
| 650 | _aPROFESSIONAL FEES | ||
| 650 | _aRYDE'S SCALE | ||
| 650 | _aWAYLEAVES | ||
| 942 | _n0 | ||
| 948 | _c04/03/1997 | ||
| 999 |
_c93123 _d93123 |
||